U.S. Cities by Mayor #1 - Statistics

General Stats
  • This quiz has been taken 26 times
  • The average score is 9 of 16
Answer Stats
Mayor City % Correct
Richard J. Daley | Lori Lightfoot Chicago
100%
Fiorello La Guardia | Bill de Blasio New York City
100%
Thomas Bradley | Eric Garcetti Los Angeles
87%
Hubert Humphrey | Jacob Frey Minneapolis
87%
Dianne Feinstein | London Breed San Francisco
83%
Asa Griggs Candler | Keisha Lance Bottoms Atlanta
78%
John Hickenlooper | Michael Hancock Denver
65%
Thomas Menino | Marty Walsh Boston
61%
Frank Rizzo | Jim Kenney Philadelphia
57%
Maurice Ferré | Francis X. Suarez Miami
43%
Coleman Young | Mike Duggan Detroit
39%
Kathy Whitmire | Sylvester Turner Houston
39%
Terry Goddard | Kate Gallego Phoenix
39%
Earle Cabell | Eric Johnson Dallas
30%
Anthony Foxx | Vi Lyles Charlotte
17%
Ernest Nathan Morial | LaToya Cantrell New Orleans
13%
No matching quizzes found
Score Distribution
Percent of People with Each Score
Percentile by Number Answered
Your Score History
You have not taken this quiz